Pays qui a un Z, Y ou X dans son nom - Statistiques

Statistiques générales
  • Ce quiz a été pris 346 fois
    222 depuis la dernière actualisation
  • Le résultat moyen est 15 sur 28
Statistiques - réponses
Rang Nom % Correct
. Zimbabwe
97%
. Zambie
95%
. Yémen
92%
. Azerbaïdjan
62%
. Kazakhstan
62%
. Nouvelle-Zélande
62%
. Ouzbékistan
60%
. Libye
59%
. Mexique
59%
. Syrie
56%
. Kirghizistan
55%
. Mozambique
55%
. Paraguay
55%
. Uruguay
54%
. Venezuela
52%
. Tanzanie
48%
. Kenya
45%
. Égypte
44%
. Luxembourg
44%
. Chypre
41%
. Royaume-Uni
41%
. Seychelles
41%
. Érythrée
40%
. Guyana
39%
. Belize
38%
. Pays-Bas
37%
. Bosnie-Herzégovine
35%
- Myanmar
20%
Aucun quiz correspondant
Distribution des résultats
% des personnes avec chaque résultat
Percentile par nombre de réponses
Votre historique - résultats
Vous n’avez pas pris ce quiz depuis la dernière actualisation